Statystyki dla 10 Największe miasta portowe w Europie

Kliknij tutaj aby rozwiązać quiz!

Ogólne statystyki

  • Ten quiz został rozwiązany 182 razy
  • Średni wynik to 6 z 10

Statystyki odpowiedzi

Liczba przeładowanych tonMiasto% Poprawnych
43 MLN tonGdansk
90%
113 MLN tonHamburg
80%
61 MLN tonBarcelona
69%
55 MLN tonLizbona
59%
78 MLN tonKopenhaga
57%
89 MLN tonMarsylia
57%
122 MLN tonStambuł
57%
167 MLN tonPetersburg
54%
81 MLN tonNeapol
48%
48 MLN tonBrest
11%

Rozkład punktacji

Percentyl według liczby udzielonych odpowiedzi

Procent ludzi z każdym wynikiem

Twoja historia wyników

Nie rozwiązałeś tego quizu